| 000 | 00475nam a2200181Ia 4500 | ||
|---|---|---|---|
| 001 | 19653 | ||
| 005 | 20260306172709.0 | ||
| 008 | 260306t2012||||xx |||||||||||||| ||spa|| | ||
| 041 | _aESP | ||
| 082 |
_a340.92 _bA68 |
||
| 100 |
_aArce Espinoza, Mario Rommel _eAUT |
||
| 245 | 0 |
_aAndrés Meneses: _bdecano fundador del colegio de abogados de Arequipa |
|
| 260 | _c2012 | ||
| 300 |
_a202 páginas : _c21 cm. |
||
| 650 | _aGEN | ||
| 654 | _aCDE | ||
| 942 |
_cLIB _dJUS _fJUS _2ddc _n |
||
| 999 |
_c19653 _d19653 |
||